Xã hội học chuyên biệt /
Nội dung cuốn "Xã hội học chuyên biệt" bao gồm: Xã hội học chính trị, lao động, trong công tác đảng, đô thị, nông thôn, giáo dục, thanh niên, văn hoá, nghệ thuật, pháp luật, tội phạm, XHCN, cách mạng KHKT và lĩnh vực chủ yếu trong đời sống xã hội....
Guardat en:
| Autor principal: | |
|---|---|
| Altres autors: | |
| Format: | Llibre |
| Idioma: | Vietnamese |
| Publicat: |
Hà Nội :
Khoa học và kỹ thuật,
2000.
|
| Matèries: | |
| Etiquetes: |
Afegir etiqueta
Sense etiquetes, Sigues el primer a etiquetar aquest registre!
|
| Thư viện lưu trữ: | Mạng thư viện Đại học Đà Nẵng |
|---|
| LEADER | 01168cam a2200349 i 4500 | ||
|---|---|---|---|
| 001 | 000042945 | ||
| 003 | 820 | ||
| 005 | 20030917100330.0 | ||
| 008 | 010217b2000 vm 000 vie | ||
| 020 | |c 38000 | ||
| 022 | |a T | ||
| 040 | |a IRC |c IRC |d IRC | ||
| 041 | 0 | |a vie | |
| 082 | 1 | 4 | |a 301 |b TH-L |
| 100 | 1 | |a Thanh Lê. | |
| 245 | 0 | 0 | |a Xã hội học chuyên biệt / |c Thanh Lê, Tuệ Nhân. |
| 260 | |a Hà Nội : |b Khoa học và kỹ thuật, |c 2000. | ||
| 300 | |a 335tr. ; |c 20,5cm. | ||
| 520 | 3 | |a Nội dung cuốn "Xã hội học chuyên biệt" bao gồm: Xã hội học chính trị, lao động, trong công tác đảng, đô thị, nông thôn, giáo dục, thanh niên, văn hoá, nghệ thuật, pháp luật, tội phạm, XHCN, cách mạng KHKT và lĩnh vực chủ yếu trong đời sống xã hội. | |
| 630 | 0 | 4 | |a Xã hội. |
| 650 | 0 | 4 | |a Xã hội học |x Lý thuyết. |
| 700 | 1 | |a Tuệ Nhân. | |
| OWN | |a DUT | ||
| 999 | |a From the UDN01 | ||
| TYP | |a Monograph | ||
| TYP | |a Printed language | ||
| 980 | |a Mạng thư viện Đại học Đà Nẵng | ||